Vasconia españolísima /
Guardado en:
| Autor Principal: | |
|---|---|
| Formato: | Libro |
| Publicado: |
España :
Publicaciónes espa¤olas,
1971
|
| Edición: | 2a. ed. |
| Materias: | |
| Etiquetas: |
Agregar Etiqueta
Sin Etiquetas, Sea el primero en etiquetar este registro!
|
| LEADER | 00524nam a22001935a 4500 | ||
|---|---|---|---|
| 001 | CEM.cems006596 | ||
| 005 | 20060214000000.0 | ||
| 008 | 130507s1971##################000#0#####d | ||
| 003 | CEMS | ||
| 082 | 0 | 4 | |a 946 |
| 100 | 1 | |a Vizcarra y Arana, Zacarías | |
| 245 | 1 | 0 | |a Vasconia españolísima / |
| 250 | |a 2a. ed. | ||
| 260 | |a España : |b Publicaciónes espa¤olas, |c 1971 | ||
| 300 | |a 206 p. | ||
| 653 | |a España | ||
| 653 | |a Historia | ||
| 653 | |a Historia de españa | ||
| 859 | |a CEMS |b BIB. CEMS - 11 de abril |h 946 |i V839a2 |p 9980.81 |t Ej.1 | ||
